000 00852nam a2200193Ia 4500
008 151119s9999||||xx |||||||||||||| ||und||
082 _a378.0025
082 _bGKKV24829
100 _aदातार प्र य
245 _aउच्च माध्यमिक शाळा कनिष्ठ महाविद्यालय नियम पुस्तिका
260 _a--
260 _b--
260 _c0
600 _aदातार प्र य
630 _aउच्च माध्यमिक शाळा कनिष्ठ महाविद्यालय नियम पुस्तिका
700 _aदातार प्र य
730 _aउच्च माध्यमिक शाळा कनिष्ठ महाविद्यालय नियम पुस्तिका
942 _cBOOK
999 _c1077391
_d1077388